000 00280nam a22001217a 4500
008 171013b xxu||||| |||| 00| 0 eng d
041 _aeng
080 _26 ED
_a316
100 _a51
101 _aSOC
245 _aSOCIOLOGY IN A CHNGING WORLD
_cWILLIAM.K
942 _2udc
_cBK
999 _c33718
_d33718